[Event "FINAL MISTRZOSTW POLSKI JUNIOROW 2018 - GRUPA  D18"]
[Site "Jastrzebia Gora"]
[Date "1899-12-30"]
[Round "2.12"]
[White "Gredka, Dominika"]
[Black "Surpeta, Julia"]
[Result "1-0"]
[WhiteTitle "I++"]
[BlackTitle "I"]
[WhiteElo "1725"]
[BlackElo "1590"]

1. e4 c5 2. Nf3 e6 3. c3 d5 4. exd5 Qxd5 5. d4 Nf6 6. Be2 Nc6 7. O-O Be7 8. Be3
Ng4 9. Bf4 Qf5 10. Bg3 h5 11. h3 Nf6 12. Bd3 Qd5 13. Re1 cxd4 14. cxd4 Nb4 15.
Nc3 Qd8 16. Bb5+ Bd7 17. Bxd7+ Nxd7 18. a3 Nc6 19. d5 exd5 20. Nxd5 O-O 21. Bc7
Qc8 22. Nxe7+ Nxe7 23. Rxe7 Nf6 24. Rc1 Qf5 25. Re5 Qg6 26. Nh4 Qh6 27. Nf5 Qh7
28. Ne7+ Kh8 29. Nd5 Rad8 30. Bxd8 Rxd8 31. Qf3 Qg6 32. Nxf6 gxf6 33. Rxh5+ 1-0

[Event "FINAL MISTRZOSTW POLSKI JUNIOROW 2018 - GRUPA  D18"]
[Site "Jastrzebia Gora"]
[Date "1899-12-30"]
[Round "2.13"]
[White "Przepiora, Anna"]
[Black "Trusz, Julia"]
[Result "0-1"]
[WhiteTitle "I"]
[BlackTitle "I+"]
[WhiteElo "1471"]
[BlackElo "1696"]

1. e4 c6 2. d4 d5 3. Nc3 dxe4 4. Nxe4 Nd7 5. Nf3 Ngf6 6. Nxf6+ Nxf6 7. h3 Bf5 8.
Bd3 Bxd3 9. Qxd3 e6 10. Bd2 Be7 11. O-O-O O-O 12. g4 Qd5 13. Kb1 c5 14. Rhe1 Rfd8
15. Bf4 c4 16. Qe2 Qb5 17. Ne5 Nd5 18. Bd2 Rac8 19. b3 Bg5 20. Ka1 Bxd2 21. Rxd2
Qa5 22. a4 Qc3+ 23. Kb1 cxb3 24. Rc1 b2 25. Rd3 bxc1=Q+ 0-1

[Event "FINAL MISTRZOSTW POLSKI JUNIOROW 2018 - GRUPA  D18"]
[Site "Jastrzebia Gora"]
[Date "1899-12-30"]
[Round "2.14"]
[White "Wojcik, Jagoda"]
[Black "Pedrak, Paulina"]
[Result "1-0"]
[WhiteTitle "I++"]
[BlackTitle "I"]
[WhiteElo "1670"]
[BlackElo "1446"]

1. e4 c5 2. Nf3 e6 3. d4 cxd4 4. Nxd4 a6 5. Be2 Qc7 6. O-O Nf6 7. Nc3 Bb4 8. Bg5
Bxc3 9. Bxf6 gxf6 10. bxc3 Qxc3 11. Rb1 Nc6 12. Nxc6 dxc6 13. Rb3 Qe5 14. Qd2
Ke7 15. Rd1 Qc7 16. Rd3 e5 17. Qh6 c5 18. Qg7 Rf8 19. Bh5 c4 20. Rd8 Qxd8 21.
Rxd8 Rxd8 22. Qxf7+ Kd6 23. Qxf6+ Be6 24. f4 Rf8 25. Qxe5+ Kd7 26. f5 Bg8 27.
f6 Be6 28. Qd4+ Kc6 29. e5 Rad8 30. Bf3+ Kb5 31. Qb2+ Kc5 32. Qxb7 Bc8 33. Qc6+
Kb4 34. e6 Bxe6 35. Qxe6 Rde8 36. Qc6 Kc3 37. Qxa6 Re1+ 38. Kf2 Rc1 39. Qa3+ 1-0

[Event "FINAL MISTRZOSTW POLSKI JUNIOROW 2018 - GRUPA  D18"]
[Site "Jastrzebia Gora"]
[Date "1899-12-30"]
[Round "2.15"]
[White "Guzik, Natalia"]
[Black "Winter, Anna"]
[Result "1-0"]
[WhiteTitle "I++"]
[BlackTitle "I++"]
[WhiteElo "1655"]
[BlackElo "1435"]

1. e4 e5 2. Bc4 Nf6 3. d3 Bc5 4. Nf3 d6 5. c3 Nc6 6. Bb3 Bb6 7. O-O h6 8. Nbd2
O-O 9. h3 d5 10. exd5 Nxd5 11. Nc4 Re8 12. Re1 Qf6 13. d4 e4 14. Ncd2 Nde7 15.
Nxe4 Qg6 16. Nh4 Qh7 17. Qh5 Be6 18. Bxe6 fxe6 19. Qg4 Kh8 20. Qxe6 Rad8 21. Re3
a5 22. Rg3 Bxd4 23. cxd4 Nxd4 24. Qg4 Nef5 25. Nxf5 Nxf5 26. Rc3 Nd4 27. Ng3 Nb5
28. Re3 Rf8 29. Re7 Rd4 30. Qe2 Rd5 31. Nh5 Qf5 32. Nxg7 Qf6 33. Bd2 Nd4 34. Qe3
Nc2 35. Qc3 Nxa1 36. Qxf6 Rxf6 37. Bc3 Rdd6 38. Nh5 c5 39. Ng7 1-0

[Event "FINAL MISTRZOSTW POLSKI JUNIOROW 2018 - GRUPA  D18"]
[Site "Jastrzebia Gora"]
[Date "1899-12-30"]
[Round "3.1"]
[White "Antolak, Julia"]
[Black "Kaczmarska, Joanna"]
[Result "1-0"]
[WhiteTitle "WFM"]
[BlackTitle "k"]
[WhiteElo "2185"]
[BlackElo "1979"]

1. e4 e6 2. d4 d5 3. Nd2 Be7 4. Ngf3 Nf6 5. e5 Nfd7 6. Bd3 c5 7. c3 Nc6 8. O-O
g5 9. dxc5 g4 10. Nd4 Ndxe5 11. Bb5 Bd7 12. b4 Nxd4 13. Bxd7+ Qxd7 14. cxd4 Nc6
15. Rb1 Bf6 16. b5 Nxd4 17. Bb2 Qe7 18. Qxg4 h5 19. Qd1 Nf5 20. Bxf6 Qxf6 21.
b6 Qd4 22. Qc2 O-O 23. Nf3 Qe4 24. Qd2 Rfc8 25. Rb4 d4 26. Qg5+ Ng7 27. Rxd4 Qf5
28. Qd2 Qxc5 29. bxa7 Rxa7 30. a4 Qa5 31. Qh6 Qf5 32. Rfd1 Raa8 33. h3 Qg6 34.
Qd2 Qf6 35. Ng5 Nf5 36. Rd7 Rf8 37. Ne4 Qg7 38. Qb4 Nh4 39. Ng3 Qg5 40. R7d4 Ng6
41. Ne4 Qe5 42. Nc5 Qg5 43. Nd7 Rfe8 44. Qxb7 Nf4 45. Qf3 e5 46. Rd6 f5 47. Nf6+
Kf7 48. Qb7+ Re7 49. Qxa8 e4 50. Qg8+ Qxg8 51. Nxg8 Kxg8 52. Rd8+ Kf7 53. R1d7
Ne2+ 54. Kf1 Nc3 55. a5 Na4 56. a6 Nb6 57. Rxe7+ Kxe7 58. Rb8 1-0

[Event "FINAL MISTRZOSTW POLSKI JUNIOROW 2018 - GRUPA  D18"]
[Site "Jastrzebia Gora"]
[Date "1899-12-30"]
[Round "3.2"]
[White "Krzywnicka, Maria"]
[Black "Kiolbasa, Oliwia"]
[Result "0-1"]
[WhiteTitle "I++"]
[BlackTitle "WIM"]
[WhiteElo "1861"]
[BlackElo "2170"]

1. e4 c5 2. d3 Nc6 3. g3 g6 4. Bg2 Bg7 5. Nc3 d6 6. Be3 Nf6 7. h3 O-O 8. Qd2 Nd4
9. Nge2 e5 10. f4 Rb8 11. g4 b5 12. O-O b4 13. Nd1 a5 14. Ng3 exf4 15. Bxf4 Ne8
16. Bg5 Qd7 17. c3 Ne6 18. Bh6 Bxh6 19. Qxh6 Ba6 20. Rf3 Qd8 21. h4 Nf6 22. Nf2
Kh8 23. Qd2 Nd7 24. g5 f6 25. Nh3 Ne5 26. Rxf6 Rxf6 27. gxf6 Qxf6 28. Ng5 Bxd3
29. Ne2 Bxe2 30. Qxe2 Nxg5 31. hxg5 Qxg5 32. Rf1 bxc3 33. bxc3 Qg3 34. Qc2 Ng4
35. Rf3 Qh2+ 36. Kf1 Ne3+ 37. Rxe3 Rf8+ 0-1

[Event "FINAL MISTRZOSTW POLSKI JUNIOROW 2018 - GRUPA  D18"]
[Site "Jastrzebia Gora"]
[Date "1899-12-30"]
[Round "3.3"]
[White "Frej, Zofia"]
[Black "Buchta, Agnieszka"]
[Result "1/2-1/2"]
[WhiteTitle "k"]
[BlackTitle "I++"]
[WhiteElo "2006"]
[BlackElo "1762"]

1. d4 Nf6 2. Nf3 e6 3. c4 Bb4+ 4. Nbd2 O-O 5. e3 d6 6. a3 Bxd2+ 7. Bxd2 Qe7 8.
Bc3 Nc6 9. Be2 e5 10. d5 Nb8 11. Qc2 a5 12. O-O a4 13. Nd2 Nbd7 14. e4 Nc5 15.
Bb4 b6 16. Bxc5 dxc5 17. Rad1 Ne8 18. Nf3 Nd6 19. Rfe1 Bd7 20. Bd3 g6 21. h3 f6
22. Re3 Qg7 23. Rde1 Rfe8 24. Qc3 Re7 25. Nh2 Kh8 26. Rg3 Qf7 27. Ng4 h5 28. Nh2
g5 29. Qd2 Rg8 30. h4 Qg6 1/2-1/2

[Event "FINAL MISTRZOSTW POLSKI JUNIOROW 2018 - GRUPA  D18"]
[Site "Jastrzebia Gora"]
[Date "1899-12-30"]
[Round "3.4"]
[White "Kostecka, Marika"]
[Black "Borkowska, Zuzanna"]
[Result "1/2-1/2"]
[WhiteTitle "k"]
[BlackTitle "I+"]
[WhiteElo "1975"]
[BlackElo "1665"]

1. e4 Nf6 2. e5 Nd5 3. Nc3 Nxc3 4. dxc3 d6 5. Bf4 Nc6 6. Bb5 Bd7 7. Qe2 e6 8. O-O-O
d5 9. Nf3 a6 10. Bd3 Ne7 11. Ng5 Ng6 12. Qh5 Qe7 13. Bg3 O-O-O 14. Nxh7 Be8 15.
Qh3 f6 16. Rhe1 f5 17. Bxf5 exf5 18. Qxf5+ Kb8 19. Ng5 Rh5 20. f4 Nh4 21. Qg4
Nxg2 22. Re2 Rh8 23. Rxg2 Bh5 24. Qh3 Rh6 25. Rdd2 Bf3 26. Qxh6 gxh6 27. Nxf3
Qf7 28. Rge2 Re8 29. Kb1 Bc5 30. Nh4 Qh5 31. e6 Be7 32. Re5 Qg4 33. Nf5 Bf6 34.
Rexd5 Rxe6 35. Nxh6 Qh3 36. f5 Re8 37. Nf7 Ka8 38. a3 c6 39. Rd6 Qxf5 40. Rf2
Re1+ 41. Ka2 Qc5 42. Rfxf6 Qc4+ 1/2-1/2

[Event "FINAL MISTRZOSTW POLSKI JUNIOROW 2018 - GRUPA  D18"]
[Site "Jastrzebia Gora"]
[Date "1899-12-30"]
[Round "3.5"]
[White "Parol, Pola"]
[Black "Cieslak, Wiktoria"]
[Result "0-1"]
[WhiteTitle "k++"]
[BlackTitle "k++"]
[WhiteElo "1917"]
[BlackElo "1810"]

1. e4 c5 2. Nf3 d6 3. d4 cxd4 4. Nxd4 Nf6 5. Nc3 a6 6. h4 e5 7. Nb3 Be6 8. f4 exf4
9. Bxf4 Nc6 10. Qd2 Ne5 11. O-O-O Rc8 12. Kb1 Qc7 13. Nd4 Be7 14. Nf5 Bxf5 15.
exf5 O-O 16. Bd3 Rfd8 17. Bg5 d5 18. Ne2 d4 19. Nc1 h6 20. Bf4 Nd5 21. Bxe5 Qxe5
22. Rde1 Qc7 23. Qf2 Ne3 24. Rhg1 Bd6 25. g4 Bh2 26. g5 Bxg1 27. Rxg1 h5 28. Qf3
Nxc2 29. Qxh5 Nb4 30. g6 Nxd3 31. Nxd3 Qc2+ 32. Ka1 Qxd3 33. gxf7+ Kf8 34. Qh8+
Ke7 35. f8=Q+ Rxf8 36. Qxg7+ Kd6 37. Rg6+ Kd5 38. Qxb7+ Ke5 39. Qe7+ Kxf5 40.
Qe6+ Kf4 41. Qg4+ Ke3 42. Qg1+ Ke4 43. Qg4+ Rf4 44. Qe6+ Kf3 45. Qh3+ Ke2 46.
Re6+ Kd2 47. Qg2+ Kd1 48. Qg1+ Qf1 0-1

[Event "FINAL MISTRZOSTW POLSKI JUNIOROW 2018 - GRUPA  D18"]
[Site "Jastrzebia Gora"]
[Date "1899-12-30"]
[Round "3.6"]
[White "Karykowska, Anna"]
[Black "Gredka, Dominika"]
[Result "1/2-1/2"]
[WhiteTitle "k"]
[BlackTitle "I++"]
[WhiteElo "1950"]
[BlackElo "1725"]

1. e4 c5 2. Nf3 d6 3. Nc3 Nf6 4. e5 dxe5 5. Nxe5 e6 6. Bb5+ Nbd7 7. d4 a6 8. Bxd7+
Nxd7 9. O-O cxd4 10. Qxd4 Bc5 11. Qe4 Nxe5 12. Qxe5 Qd4 13. Qh5 Be7 14. Rd1 Qh4
15. Qxh4 Bxh4 16. Be3 O-O 17. Bc5 Rd8 18. g3 Bf6 19. Bb6 Rd7 20. Na4 g6 21. Nc5
Rd5 22. c4 Rxd1+ 23. Rxd1 e5 24. f3 Kg7 25. Bd8 b5 26. b3 bxc4 27. bxc4 a5 28.
Kf2 Bf5 29. Bxf6+ Kxf6 30. g4 Be6 31. Nxe6 Kxe6 32. a4 Rc8 33. Rd5 Rxc4 34. Rxa5
Rc2+ 35. Kg3 Ra2 36. Ra6+ Ke7 37. Ra7+ Ke6 38. Ra6+ Ke7 39. Ra7+ Ke6 40. Ra6+
Ke7 1/2-1/2

[Event "FINAL MISTRZOSTW POLSKI JUNIOROW 2018 - GRUPA  D18"]
[Site "Jastrzebia Gora"]
[Date "1899-12-30"]
[Round "3.7"]
[White "Trusz, Julia"]
[Black "Szelag, Zuzanna"]
[Result "1/2-1/2"]
[WhiteTitle "I+"]
[BlackTitle "I++"]
[WhiteElo "1696"]
[BlackElo "1888"]

1. e4 c5 2. Nf3 d6 3. Bb5+ Bd7 4. Bxd7+ Qxd7 5. c4 Nf6 6. Nc3 g6 7. O-O Bg7 8.
d4 cxd4 9. Nxd4 O-O 10. f3 Rc8 11. b3 d5 12. e5 Ne8 13. Nxd5 e6 14. Nc3 Bxe5 15.
Be3 Rd8 16. Nde2 Qc7 17. Qc2 Bxh2+ 18. Kf2 Be5 19. Rh1 Nc6 20. Qe4 f5 21. Qh4
Nb4 22. g3 Nc2 23. Nb5 Qg7 24. Bh6 Qf7 25. Rad1 Rd7 26. Bg5 a6 27. Nbc3 Nb4 28.
Rxd7 Qxd7 29. Rd1 Qg7 30. Na4 Nf6 31. Nc5 Re8 32. Nf4 Qf7 33. a3 Nc6 34. Ne2 Rd8
35. Rxd8+ Nxd8 36. Nd3 Ba1 37. Qh1 Qg7 38. Kg2 Nf7 39. Qxa1 Nxg5 40. Qe5 Nd7 41.
Qc7 Nf8 42. Qxg7+ Kxg7 43. Nc5 b6 44. Nxa6 Nd7 45. b4 e5 46. f4 Ne4 47. fxe5 Nxe5
48. c5 bxc5 49. Nxc5 Nxc5 50. bxc5 Nc6 51. Kf3 Kf6 52. Ke3 Ke5 53. Ke4+ 1/2-1/2

[Event "FINAL MISTRZOSTW POLSKI JUNIOROW 2018 - GRUPA  D18"]
[Site "Jastrzebia Gora"]
[Date "1899-12-30"]
[Round "3.8"]
[White "Wojcik, Jagoda"]
[Black "Dwilewicz, Agata"]
[Result "1-0"]
[WhiteTitle "I++"]
[BlackTitle "k"]
[WhiteElo "1670"]
[BlackElo "1846"]

1. e4 e5 2. Nf3 Nc6 3. d4 exd4 4. Nxd4 Nf6 5. Nxc6 bxc6 6. Bd3 d5 7. exd5 cxd5
8. O-O Be7 9. Nc3 O-O 10. h3 Bb7 11. Bf4 c5 12. b3 d4 13. Nb5 a6 14. Na3 Qd5 15.
f3 Bd6 16. Bxd6 Qxd6 17. Qd2 Rad8 18. Rae1 Nh5 19. Nc4 Qg3 20. Qf2 Qf4 21. Re5
Ng3 22. Rfe1 Rd5 23. Re7 Bc6 24. Ne5 Be8 25. Bc4 Rd8 26. Nd3 Qd6 27. R7e5 Kh8
28. Rd5 Qc7 29. Rxd8 Qxd8 30. Qxg3 1-0

[Event "FINAL MISTRZOSTW POLSKI JUNIOROW 2018 - GRUPA  D18"]
[Site "Jastrzebia Gora"]
[Date "1899-12-30"]
[Round "3.9"]
[White "Stebel, Agata"]
[Black "Guzik, Natalia"]
[Result "1/2-1/2"]
[WhiteTitle "k"]
[BlackTitle "I++"]
[WhiteElo "1837"]
[BlackElo "1655"]

1. e4 c5 2. c3 d5 3. exd5 Qxd5 4. d4 Nc6 5. Nf3 Bg4 6. Be2 cxd4 7. cxd4 e6 8. O-O
Nf6 9. Nc3 Qa5 10. Be3 Be7 11. a3 Nd5 12. Rc1 O-O 13. Ne4 Rfd8 14. Nc5 Nxe3 15.
fxe3 Bxc5 16. Rxc5 Qxc5 17. dxc5 Rxd1 18. Rxd1 Rd8 19. Rxd8+ Nxd8 20. h3 Bf5 21.
Nd4 Be4 22. Nb5 a6 23. Nd6 Bc6 24. b4 Kf8 25. Kf2 Ke7 26. g4 e5 27. Bf3 Kd7 28.
Be2 f6 29. Bd3 g6 30. h4 Ne6 31. Kg3 Ng7 32. h5 gxh5 33. Bxh7 hxg4 34. Kxg4 Ke6
35. Bg8+ Ke7 36. Bb3 Bd7+ 37. Kh4 Bc6 38. a4 Ne8 39. Nf5+ Kd7 40. Kh5 Be4 41.
Ng3 Ng7+ 42. Kh6 Nf5+ 43. Nxf5 Bxf5 44. Bd5 Kc7 45. Kg7 Bc2 46. Kxf6 Bxa4 47.
Kxe5 b6 48. Kf6 bxc5 49. bxc5 Bd7 50. e4 a5 51. e5 a4 52. e6 Be8 53. Ke7 Bh5 54.
Kf8 a3 55. e7 Bg6 56. c6 Kb6 57. Bf7 Bxf7 58. Kxf7 a2 59. e8=Q a1=Q 60. Qd7 Qf1+
61. Ke8 Qe1+ 62. Kd8 Qh4+ 63. Ke8 Qh8+ 64. Kf7 Qh7+ 65. Ke6 1/2-1/2

[Event "FINAL MISTRZOSTW POLSKI JUNIOROW 2018 - GRUPA  D18"]
[Site "Jastrzebia Gora"]
[Date "1899-12-30"]
[Round "3.10"]
[White "Krzysztynska, Anna"]
[Black "Daliga, Anita"]
[Result "1-0"]
[WhiteTitle "I"]
[BlackTitle "I+"]
[WhiteElo "1759"]
[BlackElo "1634"]

1. e4 c6 2. d4 d5 3. e5 Bf5 4. Nf3 e6 5. Be2 c5 6. c3 Nc6 7. a3 c4 8. Be3 a6 9.
Nbd2 Nge7 10. O-O b5 11. Ne1 Nc8 12. f4 h6 13. h3 Be7 14. Kh2 Nb6 15. Nc2 Na4
16. Qc1 h5 17. Nb4 Nxb4 18. axb4 g5 19. Bd1 Nb6 20. fxg5 h4 21. Nf3 Be4 22. Bc2
Bxc2 23. Qxc2 Kd7 24. Qf2 Na4 25. Rab1 a5 26. bxa5 Qxa5 27. Nxh4 Rh7 28. Nf3 b4
29. Bd2 bxc3 30. bxc3 Qc7 31. Ra1 Qc6 32. Rfb1 Rhh8 33. h4 Rab8 34. Be1 Rxb1 35.
Rxb1 Nb6 36. Qb2 Kc7 37. g4 Rb8 38. Qc2 Ra8 39. h5 Ra3 40. h6 Qa8 41. Qh7 Qf8
42. Bd2 Ra2 43. Kg3 Nd7 44. Rh1 Ra8 45. Rf1 Qg8 46. Qxg8 Rxg8 47. Nh4 Rf8 48.
h7 Rh8 49. Rxf7 Kd8 50. Ng6 Re8 51. Rxe7 Rxe7 52. Nxe7 Kxe7 53. h8=Q Kf7 54. g6+
Ke7 55. Bg5+ Nf6 56. Qg7+ Ke8 57. Qf7+ Kd8 58. Bxf6+ Kc8 59. g7 Kb8 60. g8=R#
1-0

[Event "FINAL MISTRZOSTW POLSKI JUNIOROW 2018 - GRUPA  D18"]
[Site "Jastrzebia Gora"]
[Date "1899-12-30"]
[Round "3.11"]
[White "Zamarska, Sylwia"]
[Black "Leczek, Weronika"]
[Result "0-1"]
[WhiteTitle "I++"]
[BlackTitle "k"]
[WhiteElo "1623"]
[BlackElo "1831"]

1. d4 d5 2. Nf3 Nf6 3. c4 e6 4. e3 c6 5. Nc3 Nbd7 6. Qc2 Bd6 7. b3 O-O 8. Be2 b6
9. O-O Qe7 10. Bb2 Bb7 11. Rfd1 Rfe8 12. e4 dxe4 13. Nxe4 Nxe4 14. Qxe4 Nf8 15.
Qe3 Ng6 16. g3 c5 17. Ne5 Bxe5 18. dxe5 Qc7 19. Rd6 Ne7 20. g4 Rad8 21. Rad1 Nc8
22. Rxd8 Rxd8 23. Rxd8+ Qxd8 24. f4 Ne7 25. Qd3 Qa8 26. Kf2 Be4 27. Qe3 Bb1 28.
Bf3 Qd8 29. a3 Ng6 30. Be2 Bc2 31. g5 Nh4 32. Qc3 Bd1 33. Bxd1 Qxd1 34. b4 Qh1
35. Qg3 Qb1 36. Qxh4 Qxb2+ 37. Kf1 Qxa3 38. b5 Qd3+ 39. Ke1 Qe3+ 40. Kf1 Qd3+
41. Ke1 g6 42. Qg3 Qxc4 43. Qa3 Qb4+ 44. Qxb4 cxb4 45. Kd2 Kf8 46. Kc2 Ke7 47.
Kb3 Kd7 48. Kxb4 Kc7 49. Kc4 Kb7 50. Kb4 a6 51. Kc4 axb5+ 52. Kxb5 Kc7 53. Kb4
Kc6 54. Kc4 b5+ 55. Kb4 Kb6 56. Kb3 Kc5 57. Kc3 b4+ 58. Kb3 Kb5 59. Kc2 Kc4 60.
Kb2 Kd4 0-1

[Event "FINAL MISTRZOSTW POLSKI JUNIOROW 2018 - GRUPA  D18"]
[Site "Jastrzebia Gora"]
[Date "1899-12-30"]
[Round "3.12"]
[White "Trybowska, Barbara"]
[Black "Kindler, Karolina"]
[Result "1-0"]
[WhiteTitle "I++"]
[BlackTitle "I++"]
[WhiteElo "1757"]
[BlackElo "1758"]

1. e4 b6 2. d4 Bb7 3. Nc3 g6 4. Be3 Bg7 5. f3 d6 6. Bc4 e6 7. Nge2 Nd7 8. O-O Ne7
9. Qd2 O-O 10. Nf4 c5 11. Bxe6 fxe6 12. Nxe6 Qc8 13. dxc5 Bxc3 14. Qxc3 Rf6 15.
Qb3 d5 16. Nf4 Nxc5 17. Qc3 Nd7 18. Qa3 Qe8 19. Qb3 Qf7 20. Rad1 Ba6 21. Rfe1
Bc4 22. Qb4 Nc6 23. Qd2 d4 24. Bxd4 Rxf4 25. Be3 Rf6 26. Qxd7 Qxd7 27. Rxd7 Bxa2
28. b3 Nb4 29. Red1 Nxc2 30. Bh6 Bxb3 31. Rg7+ Kh8 32. Rdd7 Rf7 33. Rgxf7 Bxf7
34. Rxf7 a5 35. Rc7 Na3 36. e5 Re8 37. e6 Nb5 38. Rb7 Nd6 39. Rxb6 Nf5 40. Bg5
h6 41. Bd2 Ra8 42. g4 Nh4 43. Kf2 Kg7 44. Bc3+ Kg8 45. Rb7 a4 46. Rg7+ Kf8 47.
e7+ 1-0

[Event "FINAL MISTRZOSTW POLSKI JUNIOROW 2018 - GRUPA  D18"]
[Site "Jastrzebia Gora"]
[Date "1899-12-30"]
[Round "3.13"]
[White "Tkaczyk, Weronika"]
[Black "Jurkiewicz, Zuzanna"]
[Result "1/2-1/2"]
[WhiteTitle "I++"]
[BlackTitle "I++"]
[WhiteElo "1500"]
[BlackElo "1534"]

1. Nf3 d5 2. g3 c5 3. Bg2 Nf6 4. O-O Nc6 5. d4 cxd4 6. Nxd4 e5 7. Nxc6 bxc6 8.
c4 Be6 9. Nc3 Be7 10. Bg5 e4 11. Qa4 O-O 12. Qxc6 Rc8 13. Qa6 Rxc4 14. Rfd1 Qc7
15. Nb5 Qb6 16. Qxb6 axb6 17. Nd4 h6 18. Bc1 Bc5 19. Nxe6 fxe6 20. Bh3 Kf7 21.
Bf4 Nd7 22. Rac1 Rxc1 23. Bxc1 Ke7 24. e3 Ne5 25. Bf1 Rc8 26. Bd2 Nf3+ 27. Kg2
g5 28. Be2 Nxd2 29. Rxd2 Bb4 30. Rd4 Bd6 31. Rd2 1/2-1/2

[Event "FINAL MISTRZOSTW POLSKI JUNIOROW 2018 - GRUPA  D18"]
[Site "Jastrzebia Gora"]
[Date "1899-12-30"]
[Round "3.14"]
[White "Surpeta, Julia"]
[Black "Pedrak, Paulina"]
[Result "0-1"]
[WhiteTitle "I"]
[BlackTitle "I"]
[WhiteElo "1590"]
[BlackElo "1446"]

1. Nf3 d5 2. g3 Nf6 3. Bg2 Nc6 4. d3 e5 5. Nbd2 Bg4 6. O-O Qd7 7. Re1 Bh3 8. Bh1
Bc5 9. Nb3 Bb6 10. c4 Qd6 11. Ng5 Bg4 12. cxd5 Nxd5 13. Ne4 Qe7 14. Qc2 h5 15.
Nec5 Ncb4 16. Qc4 c6 17. e4 Bxc5 18. exd5 Bd6 19. dxc6 Rc8 20. Na5 Be6 21. Qb5
b6 22. a3 Nc2 23. Nb7 Nxe1 24. Bd2 Nc2 25. Nxd6+ Qxd6 26. Bb4 Nxb4 27. axb4 Qc7
28. Re1 O-O 29. Rxe5 a6 0-1

[Event "FINAL MISTRZOSTW POLSKI JUNIOROW 2018 - GRUPA  D18"]
[Site "Jastrzebia Gora"]
[Date "1899-12-30"]
[Round "3.15"]
[White "Winter, Anna"]
[Black "Przepiora, Anna"]
[Result "1-0"]
[WhiteTitle "I++"]
[BlackTitle "I"]
[WhiteElo "1435"]
[BlackElo "1471"]

1. e4 c5 2. Nf3 a6 3. d4 cxd4 4. Nxd4 Nf6 5. Nc3 e5 6. Nb3 Bb4 7. Bd3 d5 8. exd5
Nxd5 9. Bd2 Bxc3 10. bxc3 O-O 11. O-O Qc7 12. c4 Nf6 13. Re1 Be6 14. Bc3 Nbd7
15. Qe2 e4 16. Bxe4 Bxc4 17. Qd2 Rac8 18. Bb2 Nxe4 19. Rxe4 Rfd8 20. Qg5 f6 21.
Qg4 Ne5 22. Bxe5 fxe5 23. Rae1 Bxb3 24. cxb3 Qd6 25. g3 Rc2 26. R4e2 Rxe2 27.
Qxe2 Re8 28. Qc4+ Qe6 29. Qe4 Qc6 30. Qxc6 bxc6 31. Rc1 Rc8 32. Rc5 Kf7 33. Rxe5
Kf6 34. Ra5 Ra8 35. Rc5 Rc8 36. Kf1 Ke6 37. Ke2 Kd6 38. Rc3 Rc7 39. Kd2 Rf7 40.
f4 Rf5 41. Ke3 Rf7 42. g4 Re7+ 43. Kf3 Rf7 44. h4 Rf8 45. g5 g6 46. Kg4 Rf7 47.
Rc4 Rf5 48. h5 Ra5 49. hxg6 hxg6 50. Rc2 Rf5 51. Rh2 Kd5 52. Re2 Rf7 53. Re8 c5
54. Kf3 Rg7 55. Ra8 c4 56. bxc4+ Kxc4 57. Rxa6 Kb5 58. Ra8 Kb6 59. Kg4 Kb7 60.
Ra3 Rf7 61. Rf3 Rf5 62. Rh3 Rf7 63. Rh6 Rg7 64. f5 gxf5+ 65. Kxf5 Rc7 66. g6 Rc5+
67. Kf6 Rc6+ 68. Kg7 Rc8 69. Rh7 Kc6 70. Kh6 Rd8 71. Rf7 Rh8+ 72. Kg5 Kd6 73.
g7 Rh2 74. Rf4 Rh8 75. Rf7 Rh2 76. Rf4 1-0

[Event "FINAL MISTRZOSTW POLSKI JUNIOROW 2018 - GRUPA  D18"]
[Site "Jastrzebia Gora"]
[Date "1899-12-30"]
[Round "4.1"]
[White "Kiolbasa, Oliwia"]
[Black "Antolak, Julia"]
[Result "1/2-1/2"]
[WhiteTitle "WIM"]
[BlackTitle "WFM"]
[WhiteElo "2170"]
[BlackElo "2185"]

1. e4 c5 2. Nf3 d6 3. d4 cxd4 4. Nxd4 Nf6 5. Nc3 g6 6. Be3 Bg7 7. f3 Nc6 8. Qd2
O-O 9. g4 Be6 10. Nxe6 fxe6 11. O-O-O Ne5 12. Be2 Qc8 13. h4 Nfd7 14. h5 Nxf3
15. Nd5 Nxd2 16. Nxe7+ Kf7 17. Nxc8 Raxc8 18. Rxd2 Ke7 19. hxg6 hxg6 20. Bg5+
Bf6 21. Rh7+ Rf7 22. Bxf6+ Nxf6 23. Rxf7+ Kxf7 24. Rxd6 Rh8 25. b3 Rh1+ 26. Kb2
Ke7 27. Rd4 Re1 28. Bf3 Rf1 29. Rd3 Nd7 30. Be2 Re1 31. Rd2 Nf6 32. Bd3 Nxg4 33.
Rg2 Ne5 1/2-1/2

[Event "FINAL MISTRZOSTW POLSKI JUNIOROW 2018 - GRUPA  D18"]
[Site "Jastrzebia Gora"]
[Date "1899-12-30"]
[Round "4.2"]
[White "Kaczmarska, Joanna"]
[Black "Cieslak, Wiktoria"]
[Result "1-0"]
[WhiteTitle "k"]
[BlackTitle "k++"]
[WhiteElo "1979"]
[BlackElo "1810"]

1. e4 c5 2. c4 e6 3. Nc3 Nc6 4. g3 Nd4 5. Bg2 Ne7 6. d3 Nec6 7. Nge2 a6 8. O-O
Rb8 9. Nxd4 Nxd4 10. Bf4 d6 11. Be3 b5 12. b3 Be7 13. Bxd4 cxd4 14. Ne2 Bf6 15.
Rc1 Bd7 16. f4 h5 17. h4 e5 18. c5 Bg4 19. Qd2 O-O 20. Bf3 Qd7 21. fxe5 dxe5 22.
b4 Bxf3 23. Rxf3 Qg4 24. Kf2 Rbc8 25. Ng1 Rc6 26. Kf1 g5 27. Qh2 gxh4 28. gxh4
Bxh4 29. Qxe5 Rg6 30. Qh2 Kh8 31. Rf4 Qg5 32. Nf3 Bg3 33. Nxg5 Bxh2 34. Rf5 Rfg8
35. Nxf7+ Kg7 36. Rc2 Rg1+ 37. Ke2 h4 38. Ng5 Kh6 39. Nh3 R1g3 40. Nf4 Re3+ 41.
Kd2 Bxf4 42. Rxf4 Kg5 43. Rf5+ Kg4 44. c6 h3 45. c7 Rc8 46. Rc6 h2 47. Rg6+ Kh4
48. Rf7 Kh5 49. Rg2 Kh6 50. Rxh2+ Kg6 51. Rhh7 Rh3 52. Rxh3 Kxf7 53. Rh5 Ke6 54.
Rc5 Kd6 55. Ke2 a5 56. a3 axb4 57. axb4 Kd7 58. Rxb5 Rxc7 59. Rd5+ Ke6 60. Rxd4
Rc2+ 61. Ke3 Rb2 62. Rc4 Ke5 63. Rc5+ Kd6 64. Rd5+ Ke6 65. b5 Rb4 66. Kd2 Rb2+
67. Kc3 Rb1 68. Kd4 Rb2 69. Kc5 Rc2+ 70. Kb6 Rc3 71. Kb7 Rb3 72. b6 Rc3 73. Kb8
Rb3 74. b7 Ke7 75. Kc7 Rc3+ 76. Kb6 1-0

[Event "FINAL MISTRZOSTW POLSKI JUNIOROW 2018 - GRUPA  D18"]
[Site "Jastrzebia Gora"]
[Date "1899-12-30"]
[Round "4.3"]
[White "Frej, Zofia"]
[Black "Wojcik, Jagoda"]
[Result "1-0"]
[WhiteTitle "k"]
[BlackTitle "I++"]
[WhiteElo "2006"]
[BlackElo "1670"]

1. d4 Nf6 2. Nf3 c5 3. e3 g6 4. dxc5 Qa5+ 5. Nbd2 Qxc5 6. a3 Bg7 7. Bd3 d5 8. O-O
O-O 9. b4 Qc7 10. Bb2 Nbd7 11. c4 dxc4 12. Nxc4 Nb6 13. Rc1 Be6 14. Na5 Qd8 15.
Nxb7 Qd5 16. Nc5 Rac8 17. Qe2 Nfd7 18. Bxg7 Kxg7 19. Be4 Qa2 20. Qxa2 Bxa2 21.
Nxd7 Nxd7 22. h3 Nb6 23. Bb7 Rcd8 24. Ba6 Bb3 25. Nd4 Ba4 26. Rc7 Rd7 27. Rxd7
Nxd7 28. Rc1 Rb8 29. Rc7 Rb6 30. Rxa7 e5 31. Nf3 Rd6 32. Bc4 Bc6 33. b5 Bd5 34.
Bxd5 Rxd5 35. a4 Nb6 36. Ng5 Kg8 37. Nxf7 Rd1+ 38. Kh2 Ra1 39. Nxe5 1-0

[Event "FINAL MISTRZOSTW POLSKI JUNIOROW 2018 - GRUPA  D18"]
[Site "Jastrzebia Gora"]
[Date "1899-12-30"]
[Round "4.4"]
[White "Krzysztynska, Anna"]
[Black "Kostecka, Marika"]
[Result "1-0"]
[WhiteTitle "I"]
[BlackTitle "k"]
[WhiteElo "1759"]
[BlackElo "1975"]

1. d4 Nf6 2. Bf4 g6 3. Nf3 Bg7 4. e3 O-O 5. Be2 d6 6. h3 Nbd7 7. O-O b6 8. c3 Bb7
9. Re1 Re8 10. Bh2 e5 11. a4 a5 12. Na3 Ne4 13. Rc1 f5 14. Nd2 Nxd2 15. Qxd2 Qg5
16. Bc4+ Kh8 17. f4 exf4 18. exf4 Qh4 19. Nb5 Rxe1+ 20. Rxe1 Nf6 21. Bd3 Be4 22.
Re3 Bxd3 23. Bg3 Qh6 24. Qxd3 Nd5 25. Re1 Nxf4 26. Qf3 Nxh3+ 27. gxh3 Rf8 28.
Kg2 f4 29. Bf2 Qg5+ 30. Qg4 f3+ 31. Kh2 Qd2 32. Kg1 Rf5 33. h4 Bh6 34. d5 Bf4
35. Qh3 Qxd5 36. Nxc7 Qd3 37. Qf1 Qd2 38. Bd4+ Kg8 39. Qf2 Qd3 40. Rf1 g5 41.
Ne6 Bd2 42. Rd1 Qe4 43. Rxd2 Qxe6 44. Qe3 Qg6 45. h5 Qxh5 46. Qe6+ Rf7 47. Qe8+
1-0

[Event "FINAL MISTRZOSTW POLSKI JUNIOROW 2018 - GRUPA  D18"]
[Site "Jastrzebia Gora"]
[Date "1899-12-30"]
[Round "4.5"]
[White "Buchta, Agnieszka"]
[Black "Krzywnicka, Maria"]
[Result "1/2-1/2"]
[WhiteTitle "I++"]
[BlackTitle "I++"]
[WhiteElo "1762"]
[BlackElo "1861"]

1. e4 c5 2. Nc3 e6 3. f4 Nc6 4. Nf3 d5 5. exd5 exd5 6. Bb5 Nf6 7. O-O Be7 8. Ne5
Bd7 9. Bxc6 Bxc6 10. Nxc6 bxc6 11. d3 O-O 12. Qf3 Nd7 13. Bd2 Bf6 14. Rad1 Qb6
15. Na4 Qb5 16. b3 Nb6 17. Nc3 Qa6 18. a4 Rfe8 19. Kh1 Re7 20. Rde1 Rae8 21. Qf2
Nd7 22. g4 c4 23. dxc4 dxc4 24. Rxe7 Rxe7 25. Re1 cxb3 26. cxb3 Qd3 27. Rxe7 Bxe7
28. Qe2 Qd6 29. Kg2 Nc5 30. Be3 Nxb3 31. Bxa7 c5 32. Bb8 Qc6+ 33. Qe4 Qxe4+ 34.
Nxe4 c4 35. Be5 f6 36. Bc3 Kf7 37. Nd2 Nxd2 38. Bxd2 1/2-1/2

[Event "FINAL MISTRZOSTW POLSKI JUNIOROW 2018 - GRUPA  D18"]
[Site "Jastrzebia Gora"]
[Date "1899-12-30"]
[Round "4.6"]
[White "Leczek, Weronika"]
[Black "Borkowska, Zuzanna"]
[Result "1-0"]
[WhiteTitle "k"]
[BlackTitle "I+"]
[WhiteElo "1831"]
[BlackElo "1665"]

1. e4 c5 2. Nf3 Nc6 3. c3 g6 4. d4 cxd4 5. cxd4 d5 6. e5 Bg4 7. Bb5 Qb6 8. Nc3
e6 9. Be3 Nge7 10. h3 Bxf3 11. Qxf3 a6 12. Bxc6+ Nxc6 13. O-O Bg7 14. Rfd1 Qxb2
15. Na4 Qa3 16. Nc5 b6 17. Nb7 O-O 18. Rdc1 Qe7 19. Nd6 Nxe5 20. dxe5 Bxe5 21.
Bh6 Bxa1 22. Rxa1 Rfd8 23. Rc1 Rxd6 24. Rc7 Qxc7 25. Qf6 Qc3 26. Qxc3 e5 27. Qxe5
1-0